[Event "CZE-chT2D 1819"]
[Site "Czech Republic"]
[Date "2018.12.16"]
[Round "5.6"]
[White "Komarkova, Magdalena"]
[Black "Kratochvil, Karel"]
[Result "0-1"]
[WhiteElo "2019"]
[BlackElo "2159"]
[PlyCount "78"]
[EventDate "2018.10.14"]
[EventType "team-tourn"]
[EventRounds "11"]
[EventCountry "CZE"]
[SourceTitle "EXT 2022"]
[Source "ChessBase"]
[SourceDate "2021.10.06"]
[SourceVersion "1"]
[SourceVersionDate "2021.10.06"]
[SourceQuality "1"]
[WhiteTeam "Policka Stefanydes"]
[BlackTeam "Brno Lokomotiva"]
[WhiteTeamCountry "CZE"]
[BlackTeamCountry "CZE"]

1. e4 e5 2. Nf3 Nf6 3. d4 Nxe4 4. Bd3 d5 5. Nxe5 Nd7 6. Nxd7 Bxd7 7. 0-0 Qh4 8. f4 0-0-0 9. Nd2 Nxd2 10. Bxd2 Bd6 11. Qf3 c6 12. Qf2 Qf6 13. a4 Bf5 14. Bxf5+ Qxf5 15. b4 Rhe8 16. b5 Re6 17. bxc6 bxc6 18. c3 Qd3 19. Rfe1 Rde8 20. Rxe6 Rxe6 21. Re1 Re4 22. Rxe4 Qxe4 23. Qf1 Kb7 24. Qc1 Qe2 25. Be3 Ba3 26. Qb1+ Kc7 27. Bf2 Qb2 28. Qe1 Qc1 29. f5 Kb6 30. Qxc1 Bxc1 31. Kf1 Ka5 32. Ke2 Kxa4 33. Kd1 Bf4 34. g3 Bd6 35. Kc2 a5 36. h3 Kb5 37. g4 Kc4 38. Be3 g6 39. fxg6 fxg6 0-1

[Event "CZE-chT2D 1718"]
[Site "Czech Republic"]
[Date "2018.01.28"]
[Round "7.6"]
[White "Ptacek, Lubos"]
[Black "Komarkova, Magdalena"]
[Result "0-1"]
[WhiteElo "2068"]
[BlackElo "2002"]
[PlyCount "138"]
[EventDate "2017.10.15"]
[EventType "team-tourn"]
[EventRounds "11"]
[EventCountry "CZE"]
[SourceTitle "EXT 2022"]
[Source "ChessBase"]
[SourceDate "2021.10.06"]
[SourceVersion "1"]
[SourceVersionDate "2021.10.06"]
[SourceQuality "1"]
[WhiteTeam "Vysoke Myto"]
[BlackTeam "Policka Stefanydes"]
[WhiteTeamCountry "CZE"]
[BlackTeamCountry "CZE"]

1. e4 c5 2. Nf3 d6 3. d4 cxd4 4. Nxd4 Nf6 5. Nc3 a6 6. Be2 e6 7. 0-0 Be7 8. f4 Qc7 9. Bf3 Nc6 10. Nxc6 bxc6 11. Qe1 0-0 12. Qg3 Rd8 13. e5 Ne8 14. Be3 d5 15. Rad1 Rb8 16. b3 c5 17. Bxd5 exd5 18. Nxd5 Rxd5 19. Rxd5 Bb7 20. Rd2 c4 21. f5 cxb3 22. cxb3 Bb4 23. Rd4 Ba3 24. Rc4 Qd8 25. e6 Rc8 26. Rd4 Bd6 27. Rfd1 Rc2 28. R4d2 Qc7 29. Qf2 Bxh2+ 30. Kh1 Rxd2 31. Qxd2 fxe6 32. fxe6 Be5 33. Qd7 Bc6 34. Qxc7 Bxc7 35. Bc5 h6 36. Rf1 Nf6 37. Rc1 Bf4 38. Rd1 Bc7 39. Re1 Ne8 40. Rf1 Nf6 41. Be7 Ne8 42. Rf8+ Kh7 43. Bc5 Kg6 44. Kg1 Be5 45. Rf2 Bd5 46. e7 Bc6 47. a4 Bf6 48. Kf1 Bd5 49. b4 Bc6 50. a5 Bb5+ 51. Kg1 Kf7 52. Rf5 Ke6 53. Rf3 Kf7 54. Rf5 Bd7 55. Rd5 Be6 56. Rd8 Bc4 57. Kf2 Bb5 58. Rb8 Ke6 59. Rb6+ Kd7 60. Rb8 Kc7 61. Rd8 Bd7 62. Ke3 Kc6 63. Rb8 Kd5 64. Rb6 Bb5 65. Rxb5 axb5 66. a6 Kc6 67. Ke4 Nc7 68. a7 Kd7 69. e8Q+ Kxe8 0-1

[Event "CZE-chT2D 1718"]
[Site "Czech Republic"]
[Date "2017.11.05"]
[Round "2.7"]
[White "Jezbera, Jiri"]
[Black "Komarkova, Magdalena"]
[Result "1/2-1/2"]
[WhiteElo "2100"]
[BlackElo "2002"]
[PlyCount "139"]
[EventDate "2017.10.15"]
[EventType "team-tourn"]
[EventRounds "11"]
[EventCountry "CZE"]
[SourceTitle "EXT 2022"]
[Source "ChessBase"]
[SourceDate "2021.10.06"]
[SourceVersion "1"]
[SourceVersionDate "2021.10.06"]
[SourceQuality "1"]
[WhiteTeam "Hradec Kralove II"]
[BlackTeam "Policka Stefanydes"]
[WhiteTeamCountry "CZE"]
[BlackTeamCountry "CZE"]

1. e4 c5 2. Nc3 Nc6 3. f4 g6 4. Nf3 Bg7 5. Bc4 a6 6. a4 e6 7. 0-0 Nge7 8. e5 Na5 9. Ba2 d5 10. exd6 Qxd6 11. Ne4 Qc7 12. d3 0-0 13. Qe1 b6 14. Qh4 Nf5 15. Nf6+ Bxf6 16. Qxf6 Qd8 17. Qxd8 Rxd8 18. Ne5 Bb7 19. Rf2 Bd5 20. Bd2 Bxa2 21. Bxa5 bxa5 22. Rxa2 Ne3 23. Nc6 Rd7 24. Nxa5 Rc8 25. Re2 Nd5 26. g3 Kg7 27. Nc4 Rb8 28. Ra1 Rb4 29. Kf2 Rb8 30. h3 Rb4 31. h4 h5 32. Kf3 Rb8 33. c3 Ne7 34. Rd1 Rdb7 35. Re5 Nd5 36. Rd2 Rb3 37. Ree2 R3b7 38. Kf2 Rb3 39. Kg2 R3b7 40. Nd6 Rb3 41. Ne4 Rc8 42. d4 cxd4 43. Rxd4 Nb6 44. Nd6 Rc5 45. Nb7 Rc4 46. Rdd2 Rxa4 47. Nc5 Rb5 48. Nxa4 Nxa4 49. Kf2 Kf6 50. Re4 Nc5 51. Rc4 a5 52. Kf3 Ke7 53. b4 axb4 54. cxb4 Na6 55. Rdd4 Rb6 56. Ke4 Kf6 57. Kd3 Kf5 58. Kc3 Kg4 59. Rd3 Rb7 60. Kb3 Nb8 61. Rc5 Na6 62. Rg5+ Kh3 63. Rd4 Kg2 64. b5 Nc7 65. Kc4 Nd5 66. Kc5 Rc7+ 67. Kd6 Rb7 68. Kc6 Rc7+ 69. Kd6 Rb7 70. Kc6 1/2-1/2

[Event "CZE-chT2D 1617"]
[Site "Czech Republic"]
[Date "2017.03.19"]
[Round "10.5"]
[White "Jirousek, Jan"]
[Black "Komarkova, Magdalena"]
[Result "1/2-1/2"]
[WhiteElo "1733"]
[BlackElo "2000"]
[PlyCount "89"]
[EventDate "2016.10.09"]
[EventType "team-tourn"]
[EventRounds "11"]
[EventCountry "CZE"]
[SourceTitle "EXT 2022"]
[Source "ChessBase"]
[SourceDate "2021.10.06"]
[SourceVersion "1"]
[SourceVersionDate "2021.10.06"]
[SourceQuality "1"]
[WhiteTeam "Polabiny III"]
[BlackTeam "Policka Stefanydes"]
[WhiteTeamCountry "CZE"]
[BlackTeamCountry "CZE"]

1. d4 d5 2. c4 e6 3. Nc3 f5 4. Nf3 Nf6 5. Bg5 Be7 6. e3 0-0 7. Bd3 c6 8. 0-0 Bd7 9. Qc2 Ne4 10. Bxe7 Qxe7 11. Ne5 Be8 12. cxd5 exd5 13. Rab1 Nd7 14. Nxd7 Bxd7 15. b4 a6 16. a4 b5 17. a5 Nd6 18. Ne2 Nc4 19. Qc3 Rf6 20. Rbe1 Rh6 21. Ng3 Rf8 22. h3 g5 23. Ne2 Rf7 24. Kh1 g4 25. Nf4 Rg7 26. Rg1 Qg5 27. Qc2 Re7 28. g3 gxh3 29. Kh2 Nd6 30. Qc5 Ne4 31. Bxe4 fxe4 32. Qb6 Kf7 33. Qxa6 c5 34. Qa8 Bc6 35. Qc8 c4 36. a6 Re8 37. Qc7+ Qe7 38. Qxe7+ Rxe7 39. Ra1 Ra7 40. Ra5 Ke7 41. Rga1 Kd6 42. R1a2 Kc7 43. Ne2 Kb6 44. Nc3 Rh5 45. Ne2 1/2-1/2

[Event "CZE-chT2D 1314"]
[Site "Czech Republic"]
[Date "2014.03.23"]
[Round "10.5"]
[White "Komarkova, Magdalena"]
[Black "Holasek, Pavel"]
[Result "1/2-1/2"]
[WhiteElo "2030"]
[BlackElo "2077"]
[PlyCount "149"]
[EventDate "2013.11.03"]
[EventType "team-tourn"]
[EventRounds "11"]
[EventCountry "CZE"]
[SourceTitle "EXT 2016"]
[Source "ChessBase"]
[SourceDate "2015.10.08"]
[SourceVersion "1"]
[SourceVersionDate "2015.10.08"]
[SourceQuality "1"]
[WhiteTeam "Policka"]
[BlackTeam "Usti nad Orlici"]
[WhiteTeamCountry "CZE"]
[BlackTeamCountry "CZE"]

1. e4 c5 2. Nf3 e6 3. d4 cxd4 4. Nxd4 a6 5. c4 Nf6 6. Bd3 Nc6 7. Nc2 d5 8. exd5 exd5 9. Qe2+ Be6 10. 0-0 Be7 11. Nc3 dxc4 12. Bxc4 Bxc4 13. Qxc4 0-0 14. Be3 Rc8 15. Rad1 Qc7 16. h3 h6 17. Rd2 Rfe8 18. Rfd1 Bf8 19. Nd5 Nxd5 20. Rxd5 Nb4 21. Qxc7 Rxc7 22. Nxb4 Bxb4 23. Rd7 Rxd7 24. Rxd7 Re7 25. Rd8+ Kh7 26. Kf1 f5 27. g3 Rc7 28. a3 Be7 29. Rd5 Bf6 30. b4 Kg6 31. b5 axb5 32. Rxb5 Rd7 33. Ke2 Be7 34. a4 Kf6 35. Bd2 Ke6 36. Bc3 g6 37. Rb6+ Kf7 38. f3 Bd8 39. Rb5 Ke6 40. Re5+ Kf7 41. Bd2 Bc7 42. Rb5 Bxg3 43. Bxh6 Bh4 44. Ke3 Be1 45. Ke2 Bc3 46. Bg5 Bd4 47. h4 Bc3 48. Be3 Bf6 49. Bf2 Bd8 50. Ke3 Ke7 51. Bg3 Kf7 52. Bf2 Kg7 53. Be1 Kf7 54. Kf4 Rd4+ 55. Ke3 Rd7 56. Bg3 Kg7 57. Rb4 Kf7 58. Be5 Ba5 59. Rb5 Be1 60. h5 Bd2+ 61. Ke2 gxh5 62. f4 h4 63. Rb6 Ba5 64. Rf6+ Ke8 65. Rxf5 Rh7 66. Rg5 Bb6 67. f5 h3 68. Bh2 Kf7 69. Kf3 Rh4 70. Rg4 Rxg4 71. Kxg4 Kf6 72. Bg3 Bg1 73. Bh4+ Ke5 74. Bg3+ Kf6 75. Bh4+ 1/2-1/2

[Event "CZE-chT2D 1314"]
[Site "Czech Republic"]
[Date "2014.03.02"]
[Round "9.6"]
[White "Komarkova, Magdalena"]
[Black "Vesely, Vitek"]
[Result "0-1"]
[WhiteElo "2030"]
[BlackElo "1857"]
[PlyCount "76"]
[EventDate "2013.11.03"]
[EventType "team-tourn"]
[EventRounds "11"]
[EventCountry "CZE"]
[SourceTitle "EXT 2016"]
[Source "ChessBase"]
[SourceDate "2015.10.08"]
[SourceVersion "1"]
[SourceVersionDate "2015.10.08"]
[SourceQuality "1"]
[WhiteTeam "Policka"]
[BlackTeam "Havlickuv Brod"]
[WhiteTeamCountry "CZE"]
[BlackTeamCountry "CZE"]

1. e4 c5 2. Nf3 e6 3. d4 cxd4 4. Nxd4 a6 5. c4 Nf6 6. Bd3 d6 7. 0-0 Qc7 8. Qe2 b6 9. Nc3 Bb7 10. Be3 Be7 11. f3 Nbd7 12. Rac1 0-0 13. b3 Rac8 14. Na4 Rfe8 15. Rfd1 Qb8 16. Qf2 d5 17. exd5 exd5 18. Nf5 Ba3 19. Rc2 g6 20. Nh6+ Kg7 21. Ng4 Nxg4 22. fxg4 Rxe3 23. Qxe3 b5 24. cxb5 Rxc2 25. Bxc2 axb5 26. Qc3+ Kg8 27. b4 Qa7+ 28. Kf1 bxa4 29. Qxa3 Ne5 30. Qxa4 Qe3 31. Re1 Qf4+ 32. Kg1 Nxg4 33. Qe8+ Kg7 34. Bb3 Qf2+ 35. Kh1 Qf4 36. Kg1 Qd4+ 37. Kh1 Nf2+ 38. Kg1 Nh3+ 0-1

[Event "CZE-chT2D 1213"]
[Site "Czech Republic"]
[Date "2013.03.24"]
[Round "11.8"]
[White "Nespurek, Petr"]
[Black "Komarkova, Magdalena"]
[Result "1/2-1/2"]
[WhiteElo "1800"]
[BlackElo "2063"]
[PlyCount "20"]
[EventDate "2012.10.14"]
[EventType "team-tourn"]
[EventRounds "11"]
[EventCountry "CZE"]
[SourceTitle "EXT 2016"]
[Source "ChessBase"]
[SourceDate "2015.10.08"]
[SourceVersion "1"]
[SourceVersionDate "2015.10.08"]
[SourceQuality "1"]
[WhiteTeam "Polabiny III"]
[BlackTeam "Chrudim"]
[WhiteTeamCountry "CZE"]
[BlackTeamCountry "CZE"]

1. e4 c5 2. Nf3 d6 3. Bb5+ Bd7 4. Bxd7+ Qxd7 5. d3 Nc6 6. 0-0 e6 7. Nc3 Nf6 8. Re1 Be7 9. Bf4 0-0 10. Qd2 Rad8 1/2-1/2

[Event "CZE-chT2d 0607"]
[Site "Czech Republic"]
[Date "2006.11.19"]
[Round "3"]
[White "Komarkova, Magdalena"]
[Black "Krondraf, Karel"]
[Result "1-0"]
[WhiteElo "2121"]
[BlackElo "2136"]
[PlyCount "81"]
[EventDate "2006.10.15"]
[EventType "team"]
[EventRounds "11"]
[EventCountry "CZE"]
[SourceTitle "EXT 2009"]
[Source "ChessBase"]
[SourceDate "2008.11.26"]
[SourceVersion "1"]
[SourceVersionDate "2008.11.26"]
[SourceQuality "1"]

1. e4 c5 2. Nf3 e6 3. d4 cxd4 4. Nxd4 a6 5. c4 d6 6. Nc3 Nf6 7. Be2 Be7 8. 0-0 0-0 9. Be3 Nbd7 10. Rc1 Qc7 11. a3 b6 12. b4 Bb7 13. f3 Rfe8 14. Qb3 Rad8 15. a4 Ba8 16. Rfd1 Bf8 17. Bf2 Qb7 18. Rb1 Rb8 19. Rd2 Qc7 20. Rbd1 Rec8 21. Rc2 Ne5 22. Nb1 Nfd7 23. Rdc1 Qd8 24. Nd2 a5 25. bxa5 Nc5 26. Qa2 bxa5 27. Rc3 Rb4 28. Ra3 d5 29. cxd5 exd5 30. exd5 Bxd5 31. Qa1 Ne6 32. Rxc8 Qxc8 33. Rc3 Qb7 34. Nxe6 fxe6 35. Bb5 Nc6 36. Rc1 Na7 37. Bc4 Rb2 38. Bxd5 exd5 39. Nf1 Rb4 40. Qe5 Rb6 41. Rc7 1-0